000 00904nam a22002417a 4500
999 _c4830
_d4830
003 AR-CdUCM
008 190311b ||||| |||| 00| 0 spa d
040 _aMUNICIPALIDAD PROVINCIAL DEL CUSCO
_cBIBLIOTECA MUNICIPAL DEL CUSCO
082 _22ed.
_a404 /
_bC57
100 _aCisneros, Luis Jame
_914882
110 _aPontificia Universidad Católica del Perú
_9400
245 _aTemas Linguisticos /
260 _aLima :
_bLibr. Etadium,
_c1970.
300 _a99 paginas ;
_c21 cm.
500 _aDonación familia Nieto
505 _aContenido :J.Roca Ponds,sobre las ciencias del lenguaje --K.Volssler,gramática e historia lingüística --S.Ullmann, naciones lingüísticas fundamentales --W.Von Wartburg, lengua y habla ...
650 _aLenguaje
_95227
650 _aEstilista
_914883
650 _aHabla
_95228
700 _aJose Luis Rivarola
_914884
942 _2ddc
_cLIBROS
945 _arjall